Southville International School and Colleges
Your cart is empty.
  • Cart
  • Lists
    Public lists Eva Luna New books Lux_list list_1
    Your lists Log in to create your own lists
  • Log in to your account
  • Your cookies
  • Search history
Southville International School and Colleges
  • Advanced search
  • Recent comments
  • Most popular
  • Libraries

Log in to your account

Log in with GOOGLE


If you do not have an external account, but do have a local account, you can still log in:

  1. Home
  2. MARC view: Schaum's outline of theory and problems of introduction to computer science /
Normal view MARC view ISBD view

Schaum's outline of theory and problems of introduction to computer science / (Record no. 284697)

[ view plain ]
MARC details
000 -LEADER
fixed length control field 00883cam a22002533 4500
001 - CONTROL NUMBER
control field 13493375
003 - CONTROL NUMBER IDENTIFIER
control field PILC
005 - DATE AND TIME OF LATEST TRANSACTION
control field 20150905095422.0
008 - FIXED-LENGTH DATA ELEMENTS--GENERAL INFORMATION
fixed length control field 040218s1970 nyua b 000 0 eng
010 ## - LIBRARY OF CONGRESS CONTROL NUMBER
LC control number tmp96003939
040 ## - CATALOGING SOURCE
Original cataloging agency DLC
Transcribing agency DLC
Modifying agency DLC
050 00 - LIBRARY OF CONGRESS CALL NUMBER
Classification number QA 76.5
Item number .Sc318 1970
100 1# - MAIN ENTRY--PERSONAL NAME
Personal name Scheid, Francis,
Dates associated with a name 1920-2011.
245 10 - TITLE STATEMENT
Title Schaum's outline of theory and problems of introduction to computer science /
Statement of responsibility, etc Francis Scheid.
260 ## - PUBLICATION, DISTRIBUTION, ETC. (IMPRINT)
Place of publication, distribution, etc New York :
Name of publisher, distributor, etc McGraw-Hill,
Date of publication, distribution, etc 1970.
300 ## - PHYSICAL DESCRIPTION
Extent 281 pages :
Other physical details illustrations ;
Dimensions 28 cm.
500 ## - GENERAL NOTE
General note Includes appendix, bibliographical references and index.
650 #0 - SUBJECT ADDED ENTRY--TOPICAL TERM
Topical term or geographic name as entry element Electronic digital computers
Form subdivision Problems, exercises, etc.
740 0# - ADDED ENTRY--UNCONTROLLED RELATED/ANALYTICAL TITLE
Uncontrolled related/analytical title Introduction to computer science.
740 0# - ADDED ENTRY--UNCONTROLLED RELATED/ANALYTICAL TITLE
Uncontrolled related/analytical title Computer science.
906 ## - LOCAL DATA ELEMENT F, LDF (RLIN)
a 0
b cbc
c premver
d u
e ncip
f 19
g y-gencatlg
942 ## - ADDED ENTRY ELEMENTS (KOHA)
Source of classification or shelving scheme Library of Congress Classification
Koha item type Books
Call number prefix Foreign
Holdings
Withdrawn status Lost status Source of classification or shelving scheme Damaged status Home library Current library Shelving location Date acquired Source of acquisition Total Checkouts Full call number Barcode Date last seen Price effective from Koha item type
    Library of Congress Classification   Archives Archives   06/03/2015 Donation   QA 76.5 .Sc318 1970 C19539 05/15/2018 06/03/2015 Books

Schaum's outline of theory and problems of introduction to computer science /

APA

Scheid F., . (1970). Schaum's outline of theory and problems of introduction to computer science. New York: McGraw-Hill.

Chicago

Scheid Francis, . 1970. Schaum's outline of theory and problems of introduction to computer science. New York: McGraw-Hill.

Harvard

Scheid F., . (1970). Schaum's outline of theory and problems of introduction to computer science. New York: McGraw-Hill.

MLA

Scheid Francis, . Schaum's outline of theory and problems of introduction to computer science. New York: McGraw-Hill. 1970.

  • Place hold
  • Print
  • Cite
  • Add to your cart (remove)
  • Save record
    BIBTEX Dublin Core MARCXML MARC (non-Unicode/MARC-8) MARC (Unicode/UTF-8) MARC (Unicode/UTF-8, Standard) MODS (XML) RIS
  • More searches
    Search for this title in:
    Other Libraries (WorldCat) Other Databases (Google Scholar) Online Stores (Bookfinder.com) Open Library (openlibrary.org)

Exporting to Dublin Core...

SOUTHVILLE LIBRARY

Southville International School and Colleges Library

1281 Tropical Ave. Cor. Luxembourg St., BF Homes International, Las Pinas City

Tel. No. 8256374 / 252358 Loc. 117/146

Powered by Koha